|
|
|
|
| LEADER |
01615cas a2200241 a 4500 |
| 001 |
AALejournalIMF006480 |
| 008 |
230101c9999 xx r poo 0 0eng d |
| 020 |
|
|
|c 5.00 USD
|
| 020 |
|
|
|z 9781455207572
|
| 022 |
|
|
|a 1934-7685
|
| 040 |
|
|
|a BD-DhAAL
|c BD-DhAAL
|
| 110 |
2 |
|
|a International Monetary Fund.
|
| 245 |
1 |
0 |
|a Kenya :
|b Joint Staff Advisory Note of the Poverty Reduction Strategy Paper.
|
| 264 |
|
1 |
|a Washington, D.C. :
|b International Monetary Fund,
|c 2010.
|
| 300 |
|
|
|a 1 online resource (13 pages)
|
| 490 |
1 |
|
|a IMF Staff Country Reports
|
| 500 |
|
|
|a <strong>Off-Campus Access:</strong> No User ID or Password Required
|
| 500 |
|
|
|a <strong>On-Campus Access:</strong> No User ID or Password Required
|
| 506 |
|
|
|a Electronic access restricted to authorized BRAC University faculty, staff and students
|
| 520 |
3 |
|
|a This Joint Staff Advisory Note (JSAN) reviews the Kenya Vision 2030 (the Vision) First Medium-Term Plan (MTP) 2008-12 prepared by the government of Kenya. IMF staff finds that the objectives of the MTP are generally compelling and well considered on a sector-by-sector basis, but less so on a holistic basis. The sector-specific plans are generally compatible with the government's objective of meeting the Millennium Development Goals. However, the overall plan suffers from two weaknesses. This means that some of the headline targets may not be met.
|
| 538 |
|
|
|a Mode of access: Internet
|
| 830 |
|
0 |
|a IMF Staff Country Reports; Country Report ;
|v No. 2010/133
|
| 856 |
4 |
0 |
|z Full text available on IMF
|u http://elibrary.imf.org/view/journals/002/2010/133/002.2010.issue-133-en.xml
|z IMF e-Library
|